000 00846pam a2200265 a 4500
001 14377727
003 OSt
005 20231108115231.0
008 060515s2003 stka b 001 0 eng
010 _a 2006276067
020 _a0443071594 (pbk.)
040 _aDLC
_cDLC
_dDLC
050 0 0 _aRJ254
_b.V84 2003
082 0 0 _aWS 420 J63n 2004
_222
100 1 _aJohnston, Peter G. B.; Flood, Kirstie; Spinks, Karen
_94454
245 1 0 _aThe Newborn Child
250 _a9th ed.
260 _aEdinburgh;
_bChurchill Livingstone,
_cc2003.
300 _avii, 270 p. :
_bill. (some col.) ;
_c25 cm.
650 1 2 _aNewborn.
_94455
650 0 _aPediatrics
_94456
906 _a7
_bcbc
_corigcop
_d2
_encip
_f20
_gy-gencatlg
942 _2z
_cSLOAN
999 _c1685
_d1685